000 00486nam a2200181Ia 4500
005 20250326142631.0
008 250326s9999 xx 000 0 und d
037 _aTextbook
040 _aFMSL
_beng
_cFMSL
041 _aeng
_2eng
084 _aX9B N3
_qFMSL
100 _aAndersin R L
_9746343
245 0 _aManaging Small Business
_cAndersin R L; Dunkelberg J S
260 _aNY
_bNY, West
_c1993
300 _a745p
942 _cTB
_hX9B N3
999 _c1295925
_d1295925